| 000 -LEADER |
| fixed length control field |
00617cam a2200193Ia 4500 |
| 020 ## - INTERNATIONAL STANDARD BOOK NUMBER |
| ISBN |
039548930X : |
| 020 ## - INTERNATIONAL STANDARD BOOK NUMBER |
| ISBN |
0395272211 (pbk.) |
| 040 ## - CATALOGING SOURCE |
| Transcribing agency |
CLE |
| 082 ## - DEWEY DECIMAL CLASSIFICATION NUMBER |
| Classification number |
823 HOU 1965 A110 Or. |
| 100 1# - MAIN ENTRY--AUTHOR NAME |
| Personal name |
Tolkien, J. R. R. |
| 245 14 - TITLE STATEMENT |
| Title |
The return of the king : |
| Remainder of title |
being the third part of The lord of the rings / |
| 250 ## - EDITION STATEMENT |
| Edition statement |
2nd ed. |
| 260 ## - PUBLICATION, DISTRIBUTION, ETC. (IMPRINT) |
| Place of publication |
Boston : |
| Name of publisher |
Houghton Mifflin Co., |
| Year of publication |
1993, c1965. |
| 300 ## - PHYSICAL DESCRIPTION |
| Number of Pages |
440 p., [1] folded leaf of plates : |
| Other physical details |
ill., map ; |
| Dimensions |
21 cm. |
| 490 1# - SERIES STATEMENT |
| Series statement |
The Lord of the rings / by J.R.R. Tolkien ; |
| 500 ## - GENERAL NOTE |
| General note |
Includes index. |
| 650 #0 - SUBJECT ADDED ENTRY--TOPICAL TERM |
| Topical Term |
Middle Earth (Imaginary place) |
| 942 ## - ADDED ENTRY ELEMENTS (KOHA) |
| Koha item type |
សៀវភៅភាសាអង់គ្លេស |
| 952 ## - LOCATION AND ITEM INFORMATION (KOHA) |
| Withdrawn status [LOCAL, KOHA] |
0 |